00696 2200181 4500001002100000005001700021008004100038035002400079082001000103090001900113100001200132245019700144260004000341300004200381504002900423650004400452990001800496YOGYA-0213000000124620130227143021.0 ind  0010-021300000001246 a410.7 aSK 410.7 Sur P aSURYADI aPelaksanaan pendekatan komunikatif guru SD dalam pengajaran bahasa indonesia di SD se Randin P dan K Kec. Bambang lipuro, Bantul daerah Istimewa YogyakartacOleh peneliti Suryadi, Murtiningsih aYogyakarta:bIKIP Yogyakarta,c1997 aVI, 40 (36) lbr.:bIlus,lamp.;c29 cm aBibliografi : lbr. 39-40 aBahasa Indonesia - studi dan pengajaran a44518-PD/A.12